Web Based Academic Information System (Record no. 31722)
[ view plain ]
| 000 -LEADER | |
|---|---|
| fixed length control field | 00482nam a2200133Ia 4500 |
| 008 - FIXED-LENGTH DATA ELEMENTS--GENERAL INFORMATION | |
| fixed length control field | 260210s9999 xx 000 0 und d |
| 024 ## - OTHER STANDARD IDENTIFIER | |
| Standard number or code | 01B-04-BCSY, 01B-21-BCSY, 01B-29-BCSY & 01B-42-BCSY |
| 082 ## - DEWEY DECIMAL CLASSIFICATION NUMBER | |
| Classification number | 005.072 MUH |
| 100 ## - MAIN ENTRY--PERSONAL NAME | |
| Personal name | Muhammad Kashif, Fahad Ahmed Khan, Hammad Ali Khan & Shariq Raees Siddiqui |
| 245 #0 - TITLE STATEMENT | |
| Title | Web Based Academic Information System |
| 260 ## - PUBLICATION, DISTRIBUTION, ETC. | |
| Place of publication, distribution, etc. | Karachi: |
| Name of publisher, distributor, etc. | UITU, |
| Date of publication, distribution, etc. | 2001 |
| 600 ## - SUBJECT ADDED ENTRY--PERSONAL NAME | |
| Personal name | Computer Science |
| 650 ## - SUBJECT ADDED ENTRY--TOPICAL TERM | |
| Topical term or geographic name entry element | Bachelor of Computer Science (BS) |
No items available.

